Private roads (Record no. 103270)

MARC details
000 -LEADER
fixed length control field 01307cam a2200325 4500
008 - FIXED-LENGTH DATA ELEMENTS--GENERAL INFORMATION
fixed length control field 040106n1997 000 0 eng u
020 ## - INTERNATIONAL STANDARD BOOK NUMBER
International Standard Book Number 0952162539
035 ## - SYSTEM CONTROL NUMBER
System control number (Sirsi) u124722
041 ## - LANGUAGE CODE
Language code of text/sound track or separate title eng
050 ## - LIBRARY OF CONGRESS CALL NUMBER
Classification number 343.0942
-- 18
100 ## - MAIN ENTRY--PERSONAL NAME
Personal name Barsby, A. W.
245 ## - TITLE STATEMENT
Title Private roads
Remainder of title the legal framework
250 ## - EDITION STATEMENT
Edition statement 2nd ed.
260 ## - PUBLICATION, DISTRIBUTION, ETC.
Place of publication, distribution, etc. Epsom
Name of publisher, distributor, etc. the authors
Date of publication, distribution, etc. 1997
300 ## - PHYSICAL DESCRIPTION
Extent vii, 188p.
Dimensions 24cm
350 ## - PRICE (NR) (BK AM CF MU VM SE) [OBSOLETE]
Price 35
520 ## - SUMMARY, ETC.
Summary, etc. Essential guide to the law relating to private roads. Provides a clear, practical guide for those who live in private roads and also for professionals concerned in this area. Topics covered include public and private rights of way, parking, civil liability, planning, services (including the position of cable companies and other service providers) and the ownership and management of private roads. An appendix provides outline answers to frequently asked legal questions.
520 ## - SUMMARY, ETC.
Summary, etc. Supersedes first edition (ISBN 0952162504)
650 ## - SUBJECT ADDED ENTRY--TOPICAL TERM
Topical term or geographic name entry element PRIVATE ROADS
650 ## - SUBJECT ADDED ENTRY--TOPICAL TERM
Topical term or geographic name entry element RIGHTS OF WAY
650 ## - SUBJECT ADDED ENTRY--TOPICAL TERM
Topical term or geographic name entry element CIVIL LIABILITIES
650 ## - SUBJECT ADDED ENTRY--TOPICAL TERM
Topical term or geographic name entry element EASEMENTS
650 ## - SUBJECT ADDED ENTRY--TOPICAL TERM
Topical term or geographic name entry element CABLE COMPANIES
650 ## - SUBJECT ADDED ENTRY--TOPICAL TERM
Topical term or geographic name entry element HIGHWAYS ACT 1980
650 ## - SUBJECT ADDED ENTRY--TOPICAL TERM
Topical term or geographic name entry element LOCAL AUTHORITIES
650 ## - SUBJECT ADDED ENTRY--TOPICAL TERM
Topical term or geographic name entry element SERVICE PROVIDERS
690 ## - LOCAL SUBJECT ADDED ENTRY--TOPICAL TERM (OCLC, RLIN)
Topical term or geographic name as entry element Boundary disputes
9 (RLIN) 6221
700 ## - ADDED ENTRY--PERSONAL NAME
Personal name Barsby, Clare
942 ## - ADDED ENTRY ELEMENTS (KOHA)
Suppress in OPAC 0
Holdings
Withdrawn status Lost status Source of classification or shelving scheme Damaged status Not for loan Home library Current library Shelving location Date acquired Total Checkouts Full call number Barcode Date last seen Date last checked out Copy number Price effective from Koha item type
    Dewey Decimal Classification     London London Folio 07/01/2004 7 343.0942 BAR 30068967 26/04/2024 27/10/2009 1 06/08/2019 Book